Loading...
| Current Events | 3 | 16.67 | 100% | 67% | 0% |
| Fine Arts - Classical Music | 10 | 21.00 | 100% | 80% | 30% |
| Fine Arts - Other | 10 | 18.00 | 100% | 60% | 20% |
| Fine Arts - Painting & Sculpture | 9 | 18.89 | 100% | 67% | 22% |
| Geography | 5 | 14.00 | 100% | 40% | 0% |
| History - American | 7 | 15.71 | 100% | 57% | 0% |
| History - European | 9 | 14.44 | 100% | 33% | 11% |
| History - Other | 8 | 15.00 | 100% | 50% | 0% |
| History - World | 8 | 15.00 | 100% | 50% | 0% |
| Literature - American | 9 | 14.44 | 78% | 44% | 22% |
| Literature - British | 8 | 13.75 | 88% | 50% | 0% |
| Literature - European | 7 | 14.29 | 100% | 43% | 0% |
| Literature - World | 12 | 15.00 | 100% | 50% | 0% |
| Mythology | 5 | 18.00 | 80% | 100% | 0% |
| Other Academic | 4 | 20.00 | 100% | 75% | 25% |
| Philosophy | 10 | 16.00 | 90% | 50% | 20% |
| Religion | 8 | 16.25 | 100% | 63% | 0% |
| Science - Biology | 8 | 15.00 | 100% | 25% | 25% |
| Science - Chemistry | 7 | 15.71 | 86% | 43% | 29% |
| Science - Other | 13 | 18.46 | 100% | 62% | 23% |
| Science - Physics | 9 | 24.44 | 100% | 100% | 44% |
| Social Science | 9 | 18.89 | 100% | 56% | 33% |